T. 17; Annales des Mines. Serie 8

التفاصيل البيبلوغرافية
Parent link:Annales des Mines. Serie 8: journal. T. 17.— , 1882-1891
اللغة:الفرنسية
منشور في: 1890
التنسيق: كتاب
KOHA link:https://koha.lib.tpu.ru/cgi-bin/koha/opac-detail.pl?biblionumber=569293

MARC

LEADER 00000nam2a2200000 4500
001 569293
005 20231101124743.0
035 |a (RuTPU)RU\TPU\prd\266727 
035 |a RU\TPU\prd\266692 
090 |a 569293 
100 |a 20161205a18321841k y0frey50 ba 
101 0 |a fre 
102 |a FR 
200 0 |a T. 17 
210 |d 1890 
461 1 |0 (RuTPU)RU\TPU\prd\1113  |t Annales des Mines. Serie 8  |o journal  |v T. 17  |d 1882-1891 
801 0 |a RU  |b 63413507  |c 20011210  |g PSBO 
801 2 |a RU  |b 63413507  |c 20161212  |g PSBO 
942 |c BK 
999 |a НТБ_ТПУ  |b РФ  |e -14/20160111  |p П-91  |u 0,00  |v 1